000 00533nam a2200205Ia 4500
005 20240418092703.0
008 131103s9999 xx 000 0 und d
040 _aLoreto College
041 _aEnglish
082 _a370.1
_bCHA
100 _aChavan, Sunil
245 _aEducation For All
_cSunil Chavan
250 _a1st ed.
_b promises and progress
260 _aDelhi
_bRajat Publications
_c2004
300 _av,332 p.
504 _aIncludes appendix and index
650 _aEducation
850 _aLCBED
942 _cBK
999 _c26369
_d76848